Chelsea Players Quiz - Statistics

General Stats
  • This quiz has been taken 301 times
    70 since last reset
  • The average score is 18 of 30
Answer Stats
# Nation Player % Correct
8 Argentina Enzo Fernández
98%
25 Ecuador Moisés Caicedo
89%
3 Spain Marc Cucurella
86%
20 United Kingdom (England) Cole Palmer
84%
10 Ukraine Mykhailo Mudryk
84%
7 Portugal Pedro Neto
84%
1 Spain Robert Sánchez
83%
27 France Malo Gusto
81%
5 France Benoît Badiashile
76%
15 Senegal Nicolas Jackson
76%
24 United Kingdom (England) Reece James
76%
6 United Kingdom (England) Levi Colwill
71%
45 Belgium Roméo Lavia
71%
- Ivory Coast David Datro Fofana
67%
11 United Kingdom (England) Noni Madueke
67%
29 France Wesley Fofana
67%
18 France Christopher Nkunku
62%
38 Spain Marc Guiu
59%
12 Denmark Filip Jörgensen
57%
4 United Kingdom (England) Tosin Adarabioyo
51%
23 United Kingdom (England) Trevoh Chalobah
49%
19 United Kingdom (England) Jadon Sancho
43%
22 United Kingdom (England) Kiernan Dewsbury-Hall
40%
13 United Kingdom (England) Marcus Bettinelli
37%
47 Finland Lucas Bergström
35%
32 United Kingdom (England) Tyrique George
35%
30 Argentina Aarón Anselmino
32%
34 United Kingdom (England) Josh Acheampong
24%
39 France Mathis Amougou
16%
37 United Kingdom (England) Omari Kellyman
6%
No matching quizzes found
Score Distribution
Percent of People with Each Score
Percentile by Number Answered
Your Score History
You have not taken this quiz since the last reset